<?xml version="1.0" encoding="UTF-8"?>
<record
    xmlns:xsi="http://www.w3.org/2001/XMLSchema-instance"
    xsi:schemaLocation="http://www.loc.gov/MARC21/slim http://www.loc.gov/standards/marcxml/schema/MARC21slim.xsd"
    xmlns="http://www.loc.gov/MARC21/slim">

  <leader>01163nam a22002057a 4500</leader>
  <controlfield tag="005">20260310113206.0</controlfield>
  <datafield tag="010" ind1=" " ind2=" ">
    <subfield code="a">BACHN26</subfield>
  </datafield>
  <datafield tag="020" ind1=" " ind2=" ">
    <subfield code="c">295.00</subfield>
    <subfield code="a">9788198383105</subfield>
  </datafield>
  <datafield tag="037" ind1=" " ind2=" ">
    <subfield code="b">&#x905;&#x915;&#x94D;&#x937;&#x930;&#x947;&#x936;</subfield>
  </datafield>
  <datafield tag="082" ind1=" " ind2=" ">
    <subfield code="2">&#x92A;&#x94D;&#x930;&#x925;&#x92E; </subfield>
    <subfield code="a">000</subfield>
  </datafield>
  <datafield tag="100" ind1=" " ind2=" ">
    <subfield code="a">&#x92A;&#x93E;&#x920;&#x915;, &#x936;&#x94D;&#x92F;&#x93E;&#x92E; &#x938;&#x941;&#x928;&#x94D;&#x926;&#x930; </subfield>
    <subfield code="9">88205</subfield>
  </datafield>
  <datafield tag="245" ind1=" " ind2=" ">
    <subfield code="a">&#x92F;&#x942;.&#x92A;&#x940;.&#x90F;&#x938;.&#x938;&#x940;.  &#x92E;&#x941;&#x916;&#x94D;&#x92F;  &#x92A;&#x94D;&#x930;&#x936;&#x94D;&#x928; &#x92A;&#x930;&#x940;&#x915;&#x94D;&#x937;&#x93E; &#x938;&#x93E;&#x92E;&#x93E;&#x928;&#x94D;&#x92F; &#x905;&#x927;&#x94D;&#x92F;&#x92F;&#x928;:</subfield>
    <subfield code="b"> &#x92A;&#x94D;&#x930;&#x936;&#x928; &#x92A;&#x924;&#x94D;&#x930;-V &#x90F;&#x935;&#x902; VI /</subfield>
    <subfield code="c">&#x936;&#x94D;&#x92F;&#x93E;&#x92E; &#x938;&#x941;&#x928;&#x94D;&#x926;&#x930; &#x92A;&#x93E;&#x920;&#x915; ; &#x90F;&#x928;.&#x90F;&#x928;. &#x913;&#x91D;&#x93E; &#x926;&#x94D;&#x935;&#x93E;&#x930;&#x93E; &#x938;&#x92E;&#x94D;&#x92A;&#x93E;&#x926;&#x93F;&#x924; </subfield>
  </datafield>
  <datafield tag="250" ind1=" " ind2=" ">
    <subfield code="a">&#x92A;&#x94D;&#x930;&#x925;&#x92E; </subfield>
  </datafield>
  <datafield tag="260" ind1=" " ind2=" ">
    <subfield code="a">&#x928;&#x908; &#x926;&#x93F;&#x932;&#x94D;&#x932;&#x940;</subfield>
    <subfield code="b">&#x915;&#x94D;&#x930;&#x949;&#x928;&#x93F;&#x915;&#x932; &#x92C;&#x941;&#x915;&#x94D;&#x938;</subfield>
    <subfield code="c">2025</subfield>
  </datafield>
  <datafield tag="270" ind1=" " ind2=" ">
    <subfield code="a">&#x92C;&#x940;-7 &#x90F;&#x915;&#x94D;&#x938;./114 &#x90F;,&#x938;&#x92B;&#x926;&#x930;&#x91C;&#x902;&#x917; &#x90F;&#x928;&#x94D;&#x915;&#x94D;&#x932;&#x947;&#x935;,</subfield>
    <subfield code="b">&#x928;&#x908; &#x926;&#x93F;&#x932;&#x94D;&#x932;&#x940;</subfield>
    <subfield code="e">110029</subfield>
    <subfield code="m">circulation@chroniclepubs.com</subfield>
  </datafield>
  <datafield tag="300" ind1=" " ind2=" ">
    <subfield code="a">154 &#x92A;&#x943;</subfield>
    <subfield code="c">28&#x938;&#x947;&#x92E;&#x940;(&#x905;&#x91C;&#x93F;&#x932;&#x94D;&#x926;)</subfield>
  </datafield>
  <datafield tag="500" ind1=" " ind2=" ">
    <subfield code="a">2015-2024 &#x905;&#x927;&#x94D;&#x92F;&#x93E;&#x92F; &#x935;&#x93E;&#x930; &#x939;&#x932; &#x92A;&#x94D;&#x930;&#x936;&#x928;-&#x92A;&#x924;&#x94D;&#x930;</subfield>
  </datafield>
  <datafield tag="700" ind1=" " ind2=" ">
    <subfield code="a">&#x913;&#x91D;&#x93E;, &#x90F;&#x928;.&#x90F;&#x928;.</subfield>
    <subfield code="9">42400</subfield>
  </datafield>
  <datafield tag="942" ind1=" " ind2=" ">
    <subfield code="2">ddc</subfield>
    <subfield code="c">HN</subfield>
    <subfield code="h">000</subfield>
    <subfield code="m">&#x92A;&#x93E;&#x920;&#x915;</subfield>
  </datafield>
  <datafield tag="999" ind1=" " ind2=" ">
    <subfield code="c">215381</subfield>
    <subfield code="d">215381</subfield>
  </datafield>
</record>
